Datum a čas kvízu
28
Celkem bodů
Celkový počet nahraných bodů na tomto kvízu bez doplňovacích otázek.
6.
Pořadí na kvízu
Konečné umístění týmu na tomto kvízu.
Zaznamenané odpovědi
| # | Otázka | Odpověď | Body | Výsledky |
|---|---|---|---|---|
| 1. | Tzv. Turistická sjezdovka na K... | splašky | 1 | |
| 2. | Francouzský europoslanec Rapha... | socha Svobody | 0 | |
| 3. | Minulý týden byl představen tr... | Jiří Mádl; Tomáš Vorel (ml.) | 1 | |
| 4. | Americká společnost Alphabet,... | Wiz | 1 | |
| 5. | Jak se jmenuje vítěz ankety Fo... | Tomáš Souček; West Ham (United) | 0.5 | |
| 6. | Podíváme se na temné stránky d... | A) Diviš Bořek z Miletínka | 1 | |
| 7. | Doba pobělohorská znamenala zá... | Obnovené zřízení zemské | 0 | |
| 8. | První světová válka znamenala... | Osmanská říše | 1 | |
| 9. | V období tzv. Protektorátu se... | Josef Balabán, Josef Mašín, Václav Morávek | 0.5 | |
| 10. | Seřaďte tyto komunistické prez... | 1C 2A 3D 4B | 0 |